Quiz su Sant'Elena, Ascensione e Tristan da Cunha - Statistics

Statistiche generali
  • Questo quiz è stato fatto 13 volte
  • Il punteggio medio è 14 su 23
Statistiche sulle risposte
Definizione Risposta % Corretto
Popolazione di Sant'Elena nel 1500 0
100%
Re Carlo III
100%
Religione più praticata Cristianesimo
100%
Lingua Ufficiale Inglese
100%
Sant'Elena è celebre per essere stata il luogo d'esilio di questo personaggio Napoleone
100%
Sono state scoperte da esploratori di questo Stato Portogallo
100%
Sant'Elena, Ascensione e Tristan da Cunha è una dipendenza di questo Stato Regno Unito
100%
Tutte e tre le isole sono di origine _________ Vulcanica
100%
Numero di cognomi presenti a Tristan da Cunha 8
75%
Ascensione è situata poco a sud di questa linea immaginaria Equatore
75%
Sant'Elena, nel XVII secolo passò per un breve periodo sotto il dominio di questo Stato Paesi Bassi
75%
Sant'Elena è divisa in 8 ___________ Distretti
63%
Base dell'economia di Sant'Elena Agricoltura
50%
Capoluogo di Sant'Elena, e anche capitale di tutte e tre le isole Jamestown
50%
Valuta di Sant'Elena e Ascensione Sterlina di Sant'Elena
50%
Valuta di Tristan da Cunha Sterlina Britannica
38%
Capoluogo di Tristan da Cunha Edimburgo dei Sette Mari
25%
Capoluogo di Ascensione Georgetown
25%
Ascensione ebbe un ruolo fondamentale in questa guerra Guerra delle Falkland
25%
Residenza dove visse fino alla sua morte Longwood House
25%
A Tristan da Cunha non esiste la ____________ ______________ Proprietà Privata
25%
Principale esportazione di Ascensione Francobolli
13%
Nel 2011 è avvenuto questo incidente che ha coinvolto una barca Sversamento di petrolio
13%
Nessun quiz corrispondente trovato
Distribuzione punteggi
Percentuale di utenti per punteggio
Percentile per numero di risposta
I tuoi punteggi nel tempo
Non hai fatto questo quiz